000 01429cam a2200169 4500500
005 20260426012531.0
041 _afre
042 _adc
100 1 0 _aSerfati, Claude
_eauthor
245 0 0 _aDéfense et politique technologique
260 _c2005.
500 _a66
520 _aLe chapitre revient sur quelques questions essentielles pour comprendre les enjeux de politique technologique et qui concernent les relations entre technologies militaires et civiles. La défense est-elle indispensable à une politique technologique ? Le modèle américain est-il imitable ? Quels enseignements tirer du « cas Internet » ? Les droits de propriété intellectuelle sont-ils la solution ?
520 _aDefence and technological policy, Somme questions in debat The chapter addresses some issues on the relations between military and civilian technologies, many of them are related to governmental technology policy issues. Issues addressed are: Do technology policies have to be focussed in priority on defense missions if they are to be successful? Is the American 'model' duplicable? What lessons can be drawn from the Internet 'case' ? Are the development of Intellectual property rights the best way to improve dualuse technology policies?
786 0 _nInnovations | 21 | 1 | 2005-03-01 | p. 21-42 | 1267-4982
856 4 1 _uhttps://shs.cairn.info/revue-innovations-2005-1-page-21?lang=fr&redirect-ssocas=7080
999 _c2224211
_d2224211